| 000 | 00850nam a2200217 a 4500 | ||
|---|---|---|---|
| 008 | 120416s1998 ||||||||||||||||| || u | ||
| 020 | _a0821341731 | ||
| 050 | _aIBRD(06)ESD/1998/1 | ||
| 100 | _aByerlee, Derek | ||
| 245 | 1 | 0 | _aStrengthening national agricultural research systems: policy issues and good practice |
| 260 |
_aWashington, D. C.: _bWorld Bank _c1998 |
||
| 300 | _ax, 87p. : ill. | ||
| 350 | _a0.00 | ||
| 490 | _aEnvironmentally and Socially Sustainable Development | ||
| 650 | _aAGRICULTURE--RESEARCH--GOVERNMENT POLICY | ||
| 650 | _aNATIONAL AGRICULTURAL RESEARCH SYSTEMS--DEVELOPING COUNTRIES | ||
| 650 | _aAGRICULTURE | ||
| 700 | _aAlex, Gary E | ||
| 710 | _aWorld Bank | ||
| 995 |
_D0.00 _FCBU-MAIN LIBRARY (Kitwe) _H1 _I0.00 _M1 _UAVAILABLE _ZInternational Publications |
||
| 999 |
_c58624 _d58624 |
||